Top 10 Highest Grossing Films of 1954 - Statistics

General Stats
  • This quiz has been taken 10 times
  • The average score is 1 of 10
Answer Stats
# Film $ Grossed % Correct
1 Rear Window $36.76M
89%
7 On the Waterfront $9.60M
22%
10 Godzilla $2.42M
11%
2 White Christmas $30.00M
11%
3 20,000 Leagues Under the Sea $28.20M
0%
8 Apache $6.00M
0%
6 A Star Is Born $14.93M
0%
9 Casanova's Big Night $3.50M
0%
4 Demetrius and the Gladiators $26.00M
0%
5 The Caine Mutiny $21.75M
0%
No matching quizzes found
Score Distribution
Percent of People with Each Score
Percentile by Number Answered
Your Score History
You have not taken this quiz